000 00568nam a2200193Ia 4500
005 20250508160436.0
008 008 250505s9999 xx 000 0 eng d
037 _aTextual
040 _aFEDL
_beng
_cFEDL
041 _aeng
_2eng
084 _a027.4, INT
_qFEDL
245 0 _aAccess to public libraries: A research project
245 0 _cInternational Research Associates
260 _aChicago
_bAmerican Library Association
_c1963
300 _axxiii,160p.
650 _aLibrary Science
942 _cTEXL
_h027.4, INT
999 _c1364625
_d1364625